El Tribunal de Cassació de Catalunya i l'organització del contenciós administratiu a la II República / Antoni Milian i Massana
Descripción Física:
277 p. ; 20'5 cm
MARC
| LEADER | 00000nam a2200000Ia 4500 | ||
|---|---|---|---|
| 001 | 1532 | ||
| 008 | 160829s1983 xx 000 0 cat d | ||
| 080 | |a D-1-114 | ||
| 100 | |a Milian i Massana, Antoni |9 2322 | ||
| 245 | |a El Tribunal de Cassació de Catalunya i l'organització del contenciós administratiu a la II República / Antoni Milian i Massana | ||
| 260 | |a Barcelona : |b Escola d'Administració Pública de Catalunya, |c 1983 | ||
| 300 | |a 277 p. ; |c 20'5 cm | ||
| 650 | |a Dret administratiu |x Espanya |x 1931/1939 |9 49047 | ||
| 650 | |a Catalunya. Tribunal de Cassació |x Història |9 49048 | ||
| 710 | |a Escola d'Administració Pública de Catalunya |9 15494 | ||
| 901 | |a Arxiu | ||
| 942 | |n 1 | ||
| 952 | |0 0 |1 0 |4 0 |6 D1114 |7 1 |9 55055 |a Arxiu |b Arxiu |d 2016-12-01 |l 0 |o D-1-114 |p 1532 |r 2016-12-01 00:00:00 |w 2016-12-01 |y ARXIU | ||
| 999 | |c 58925 |d 58925 | ||